Expresión y apreciación artística I : (Record no. 23977)
[ view plain ]
| 000 -CABECERA | |
|---|---|
| campo de control de longitud fija | 00592nam a2200181 a 4500 |
| 005 - FECHA Y HORA DE LA ÚLTIMA TRANSACCIÓN | |
| campo de control | 20221015063807.0 |
| 008 - ELEMENTOS DE LONGITUD FIJA--INFORMACIÓN GENERAL | |
| campo de control de longitud fija | 991125n1994 mx 000 0 spa u |
| 035 ## - NÚMERO DE CONTROL DEL SISTEMA | |
| Número de control de sistema | UPN01000023977 |
| 049 ## - COLECCIÓN | |
| Colección | LT |
| 050 #4 - SIGNATURA TOPOGRÁFICA DE LA BIBLIOTECA DEL CONGRESO | |
| Número de clasificación | LB1684 M6.1 |
| Número de documento/Ítem | E96 |
| 245 00 - MENCIÓN DE TÍTULO | |
| Título | Expresión y apreciación artística I : |
| Resto del título | expresión plástica / |
| Mención de responsabilidad, etc. | Fernando Valero Salinas ... [et al.]. |
| 260 ## - PUBLICACIÓN, DISTRIBUCIÓN, ETC. | |
| Lugar de publicación, distribución, etc. | México : |
| Nombre del editor, distribuidor, etc. | Grafo Print, |
| Fecha de publicación, distribución, etc. | 1994. |
| 300 ## - DESCRIPCIÓN FÍSICA | |
| Extensión | 99 p. : |
| Otras características físicas | il. |
| 650 #7 - ASIENTO SECUNDARIO DE MATERIA - TERMINO TEMATICO | |
| Término de materia o nombre geográfico como elemento de entrada | Artes plásticas |
| Fuente del encabezamiento o término | |
| 9 (RLIN) | 2767 |
| 650 #4 - ASIENTO SECUNDARIO DE MATERIA - TERMINO TEMATICO | |
| Término de materia o nombre geográfico como elemento de entrada | Arte |
| Subdivisión general | Estudio y enseñanza (Secundaria) |
| 9 (RLIN) | 2645 |
| 700 1# - ASIENTO SECUNDARIO--NOMBRE DE PERSONAL | |
| Nombre de persona | Valero Salinas, Fernando, |
| Término indicativo de función/relación | coaut. |
| 905 ## - TIPO DE MATERIAL | |
| Tipo de material | Libro |
| Estado de retiro | Estado de pérdida | Fuente del sistema de clasificación o colocación | Estado dañado | No para préstamo | Código de colección | Localización permanente | Ubicación/localización actual | Ubicación en estantería | Fecha de adquisición | Enumeración/cronología de publicación seriada | Clasificación | Código de barras | Fecha visto por última vez | Número de copia | Tipo de ítem Koha |
|---|---|---|---|---|---|---|---|---|---|---|---|---|---|---|---|
| Library of Congress Classification | Disponible (Préstamo en sala) | Libros de texto | Bib. Gregorio Torres Quintero | Bib. Gregorio Torres Quintero | Colecciones especiales Planta alta | 25/05/2023 | - | LB1684 M6.1 E96 | 126799 | 31/12/2020 | 1 | Libro | |||
| Library of Congress Classification | Disponible (Préstamo en sala) | Libros de texto | Bib. Gregorio Torres Quintero | Bib. Gregorio Torres Quintero | Colecciones especiales Planta alta | 25/05/2023 | - | LB1684 M6.1 E96 | 126801 | 31/12/2020 | 1 | Libro | |||
| Library of Congress Classification | Disponible (Préstamo en sala) | Libros de texto | Bib. Gregorio Torres Quintero | Bib. Gregorio Torres Quintero | Colecciones especiales Planta alta | 25/05/2023 | - | LB1684 M6.1 E96 | 126800 | 31/12/2020 | 1 | Libro |
